000 00336nam a2200121Ia 4500
008 160609s9999 xx 000 0 und d
100 _aGianneti, Louis.
245 _aUnderstanding Movies
245 _cBy:Louis Giannetti
260 _c2013
650 _xINTRODUCTION TO FILM
856 _uhttp://file.ebook777.com/012/9780205856169.pdf
999 _c295621
_d295621